Emotional Leadership/ (Record no. 207688)

MARC details
000 -LEADER
fixed length control field 00609nam a22002057a 4500
005 - DATE AND TIME OF LATEST TRANSACTION
control field 20241213144230.0
010 ## - LCCN (DPL NO)
LC control number ENG- 143055
020 ## - INTERNATIONAL STANDARD BOOK NUMBER
Terms of availability 249.00
International Standard Book Number 9789356685277
035 ## - SYSTEM CONTROL NUMBER
System control number EN-126587
037 ## - SOURCE OF ACQUISITION
Source of stock number/acquisition DBAD
082 ## - DEWEY DECIMAL CLASSIFICATION NUMBER
Classification number 158.1
100 ## - MAIN ENTRY--PERSONAL NAME
Personal name Khoja, Karishma
245 ## - TITLE STATEMENT
Title Emotional Leadership/
Statement of responsibility, etc by Karishma Khoja
Remainder of title For Data - Driven Leaders
250 ## - EDITION STATEMENT
Edition statement First
260 ## - PUBLICATION, DISTRIBUTION, ETC. (IMPRINT)
Place of publication, distribution, etc India
Name of publisher, distributor, etc Bluerose Publishers
Date of publication, distribution, etc 2023
270 ## - ADDRESS
City India
Electronic mail address info@bluerosepublishers.com
Telephone number 8882898898
-- 4407342408967
300 ## - PHYSICAL DESCRIPTION
Extent 107p.
Dimensions 21cm(pbk)
700 ## - ADDED ENTRY--PERSONAL NAME
9 (RLIN) 75124
942 ## - ADDED ENTRY ELEMENTS (KOHA)
Source of classification or shelving scheme Dewey Decimal Classification
Item type English Books
Classification part 158.1
Call number suffix KHO
Edition 1
Holdings
Withdrawn status Lost status Not for loan Collection code Home library Current library Date acquired Source of acquisition Cost, normal purchase price Full call number Barcode Copy number Cost, replacement price Koha item type
      Non-fiction Sarojini Nagar Sarojini Nagar 13/12/2024 DBAD 249.00 158.1 KHO EN-126587 1 249.00 English Books

© Delhi Public Library
Hit Counter
free hit counter